000 00752nam a22002177a 4500
005 20250101122125.0
010 _aB-761534
020 _a9789354911804
_c125.00
035 _aB-761534
037 _bGift
082 _aS
_21
100 _aChaudhry, Minakshi
_975659
245 _aS.H.I.M.L.A. Investigators:
_bA Treacherous Beauty Contest/
_cBy Minakshi Chaudhry [and] Illustrated By Saibal Chatterjee
250 _a1
260 _aNew Delhi
_bNational Book Trust, India
_c2022
270 _aNehru Bhawan, 5 Institutional Area, Phase-II Vasant Kunj
_bNew Delhi
_e110070
300 _a188p.
_c22cm(pb)
700 _aChatterjee, Saibal
_eIllustrated
_972670
942 _2ddc
_cEN
_mCHA
_hS
999 _c207957
_d207957